<?xml version="1.0" encoding="UTF-8"?><?xml-stylesheet type="text/xsl" href="static/style.xsl"?><OAI-PMH xmlns="http://www.openarchives.org/OAI/2.0/" xmlns:xsi="http://www.w3.org/2001/XMLSchema-instance" xsi:schemaLocation="http://www.openarchives.org/OAI/2.0/ http://www.openarchives.org/OAI/2.0/OAI-PMH.xsd"><responseDate>2026-04-17T13:53:17Z</responseDate><request verb="GetRecord" identifier="oai:riubu.ubu.es:10259/10831" metadataPrefix="marc">https://riubu.ubu.es/oai/request</request><GetRecord><record><header><identifier>oai:riubu.ubu.es:10259/10831</identifier><datestamp>2025-09-02T11:27:05Z</datestamp><setSpec>com_10259_4665</setSpec><setSpec>com_10259_5086</setSpec><setSpec>com_10259_2604</setSpec><setSpec>col_10259_4666</setSpec></header><metadata><record xmlns="http://www.loc.gov/MARC21/slim" xmlns:doc="http://www.lyncode.com/xoai" xmlns:xsi="http://www.w3.org/2001/XMLSchema-instance" xmlns:dcterms="http://purl.org/dc/terms/" xsi:schemaLocation="http://www.loc.gov/MARC21/slim http://www.loc.gov/standards/marcxml/schema/MARC21slim.xsd">
<leader>00925njm 22002777a 4500</leader>
<datafield tag="042" ind1=" " ind2=" ">
<subfield code="a">dc</subfield>
</datafield>
<datafield tag="720" ind1=" " ind2=" ">
<subfield code="a">San Martín Calvo, Marina</subfield>
<subfield code="e">author</subfield>
</datafield>
<datafield tag="260" ind1=" " ind2=" ">
<subfield code="c">2025</subfield>
</datafield>
<datafield tag="520" ind1=" " ind2=" ">
<subfield code="a">La Sentencia del Tribunal de Justicia de la Unión Europea (TJUE) de 8 de mayo de 2025, asunto C-697/23, representa una aportación significativa a la doctrina sobre publicidad comparativa en el entorno digital. El fallo delimita con claridad el concepto de «competidor» en el sentido del artículo 2, letra c), de la Directiva 2006/114/CE, excluyendo a los prestadores de servicios de comparación que no comercializan directamente los productos o servicios comparados. El presente trabajo analiza los antecedentes normativos y jurisprudenciales, así como la ratio decidendi de la sentencia, su coherencia con la jurisprudencia previa del TJUE, y sus implicaciones prácticas y teóricas para el Derecho de la competencia y la regulación de la publicidad digital.</subfield>
</datafield>
<datafield tag="520" ind1=" " ind2=" ">
<subfield code="a">The Judgment of the Court of Justice of the European Union (CJEU) of 8 May 2025, Case C-697/23, represents a significant contribution to the doctrine on comparative advertising in the digital environment. The ruling clearly delimits the concept of «competitor» within the meaning of Article 2(c) of Directive 2006/114/EC, excluding comparison service providers that do not directly market the compared products or services. This paper analyzes the regulatory and case law background, as well as the ratio decidendi of the judgment, its consistency with previous CJEU case law, and its practical and theoretical implications for competition law and the regulation of digital advertising.</subfield>
</datafield>
<datafield tag="024" ind2=" " ind1="8">
<subfield code="a">1888-3052</subfield>
</datafield>
<datafield tag="024" ind2=" " ind1="8">
<subfield code="a">https://hdl.handle.net/10259/10831</subfield>
</datafield>
<datafield tag="024" ind2=" " ind1="8">
<subfield code="a">2254-9021</subfield>
</datafield>
<datafield ind1=" " ind2=" " tag="653">
<subfield code="a">Competidor</subfield>
</datafield>
<datafield ind1=" " ind2=" " tag="653">
<subfield code="a">Publicidad comparativa</subfield>
</datafield>
<datafield ind1=" " ind2=" " tag="653">
<subfield code="a">Consumidor medio</subfield>
</datafield>
<datafield ind1=" " ind2=" " tag="653">
<subfield code="a">Mercados digitales</subfield>
</datafield>
<datafield ind1=" " ind2=" " tag="653">
<subfield code="a">TJUE</subfield>
</datafield>
<datafield ind1=" " ind2=" " tag="653">
<subfield code="a">Sentencia</subfield>
</datafield>
<datafield ind1=" " ind2=" " tag="653">
<subfield code="a">Directiva 2006/114/CE</subfield>
</datafield>
<datafield ind1=" " ind2=" " tag="653">
<subfield code="a">Cuestión prejudicial</subfield>
</datafield>
<datafield ind1=" " ind2=" " tag="653">
<subfield code="a">HUK COBURG</subfield>
</datafield>
<datafield ind1=" " ind2=" " tag="653">
<subfield code="a">Check24</subfield>
</datafield>
<datafield ind1=" " ind2=" " tag="653">
<subfield code="a">Competitor</subfield>
</datafield>
<datafield ind1=" " ind2=" " tag="653">
<subfield code="a">Comparative advertising</subfield>
</datafield>
<datafield ind1=" " ind2=" " tag="653">
<subfield code="a">Average consumer</subfield>
</datafield>
<datafield ind1=" " ind2=" " tag="653">
<subfield code="a">Digital markets</subfield>
</datafield>
<datafield ind1=" " ind2=" " tag="653">
<subfield code="a">CJEU</subfield>
</datafield>
<datafield ind1=" " ind2=" " tag="653">
<subfield code="a">Judgment</subfield>
</datafield>
<datafield ind1=" " ind2=" " tag="653">
<subfield code="a">Directive 2006/114/EC</subfield>
</datafield>
<datafield ind1=" " ind2=" " tag="653">
<subfield code="a">Preliminary ruling</subfield>
</datafield>
<datafield tag="245" ind1="0" ind2="0">
<subfield code="a">El concepto de «competidor» en la publicidad comparativa digital: Comentario a la STJUE de 8 de mayo de 2025 (C-697/23)</subfield>
</datafield>
</record></metadata></record></GetRecord></OAI-PMH>